| 000 -LEADER |
| fixed length control field |
00536nam a22001817a 4500 |
| 008 - FIXED-LENGTH DATA ELEMENTS--GENERAL INFORMATION |
| fixed length control field |
150930b xxu||||| |||| 00| 0 eng d |
| 020 ## - INTERNATIONAL STANDARD BOOK NUMBER |
| International Standard Book Number |
061903386X |
| 041 0# - LANGUAGE CODE |
| Language code of text/sound track or separate title |
eng |
| 080 ## - UNIVERSAL DECIMAL CLASSIFICATION NUMBER |
| Universal Decimal Classification number |
658.8 : 004 |
| 245 00 - TITLE STATEMENT |
| Title |
Creating a winning E-business / |
| Statement of responsibility, etc |
H. Albert Napier ... [et al.]. |
| 250 ## - |
| -- |
2nd ed. |
| 260 ## - |
| -- |
Boston, Mass. : |
| -- |
Thomson Course Technology, |
| -- |
2006. |
| 300 ## - |
| -- |
xix, 444 f. : |
| -- |
me il.; |
| -- |
24 cm. |
| 650 #0 - |
| -- |
Tregëtia elektronike |
| 650 #0 - |
| -- |
Rrjetet në ndërmarrje |
| 700 1# - |
| -- |
Napier, H. Albert, |
| 942 ## - ADDED ENTRY ELEMENTS (KOHA) |
| Source of classification or shelving scheme |
|
| Item type |
Books |